| 000 | 01257nam a2200241Ia 4500 | ||
|---|---|---|---|
| 999 |
_c35364 _d35364 |
||
| 001 | 1217 | ||
| 003 | GE_BSU | ||
| 005 | 20250423143458.0 | ||
| 008 | 181216s2003||||ge |||||||||||||| ||geo|| | ||
| 040 | _cGE_BSU | ||
| 041 | _ageo | ||
| 080 | _a502(075.8) : 330.15 ბ-96 | ||
| 245 |
_aბუნებათასარგებლობის ეკონომიკა : _bსახელმძვანელო უმაღლესი სასწ. სტუდენტებისათვის / _cნ. ქარქაშაძე, ე. გიორგაძე, ლ. გუგავა, ნ. ჩიხრაძე, ლ. გეგენავა; რედ. ლ. გვაზავა. |
||
| 264 |
_aთბილისი, _c2003. |
||
| 300 |
_a320 გვ.; _b21 სმ. |
||
| 653 | _aბუნებათსარგებლობის ეკონომიკა | ||
| 700 |
_aქარქაშაძე, ნ. _eავტორი _924905 |
||
| 700 |
_aგიორგაძე, ჰ. _eავტორი _910610 |
||
| 700 |
_aგუგავა, ე. _eავტორი _924906 |
||
| 700 |
_aჩიხრაძე, ნ. _eავტორი _924907 |
||
| 700 |
_aგეგენავა, ლ. _eავტორი _924908 |
||
| 942 |
_cBK _2udc |
||